000 00306nam a22001337a 4500
008 170612b xxu||||| |||| 00| 0 eng d
020 _a9781442214194
041 _aeng
080 _a327
100 _a19
101 _aSHP
245 _aGLOBALIZITION SOCIAL MOVEMENTS
_cMOGHADAN.V.M
942 _2udc
_cBK
999 _c16842
_d16842